000 00366nam a22001577a 4500
003 NUST
020 _a9781569907191
038 _akhadija
082 _a678.724
_bWAN
100 _aWang
_991460
245 _aRubber Reinforcement With Particulate Fillers /
_cMeng- Jiao Wang
260 _aChina
_bHanser
_c2021
300 _ap589
563 _aHB
942 _2ddc
_cBK
999 _c590094
_d590094